000 00953nam a22002897a 4500
001 BR8002629
003 BR-BrBNA
005 20230928090609.0
007 ta
008 230509b bl.||||| |||| 00| 0 por d
040 _aBR-BrBNA
_bpor
_cBiblioteca Nacional de Agricultura
041 _a(Por)
072 _aF27; F25; H20
_b/G514
_b/GZ74
090 _ F27 BR8002629
110 1 _aCentro de Pesquisa Agropecuaria dos Cerrados, Planaltina, DF (Brasil);
110 1 _aJICA, Tokyo (Japan)
_96647
245 1 _aRelatorio parcial do projeto da cooperacao em pesquisa agricola nos cerrados do Brasil 1978-1980
_bAcordo de cooperacao em pesquisa agricola no Brasil (firmado em 30/09/1977)
260 3 _aBrasilia, DF (Brasil):
_c1980.
300 _a231 p.
650 _aCultivo do solo
650 _aFertilidade do solo
650 _aDoenca de planta
650 _aSolo
650 _aCerrado
909 _a202309
_bLucia
_c55
_dLucia Elande
942 _cBK
999 _c29548
_d29548